Ficciones cercanas, televisión, narración y espíritu de los tiempos : (Registro nro. 24225)

Detalles MARC
000 -Cabecera
Campo de control interno 00524nam a2200181Ia 4500
005 - Fecha y hora del registro
control field 20260414151029.0
008 - Elementos de Longitud Fija
fixed length control field 260414t2017||||xx |||||||||||||| ||spa||
041 ## - Idioma
Codigo Idioma ESP
082 ## - DEWEY y NOTACIÓN INTERNA
Dewey 791.4575
Notación Interna C27
100 ## - AUTOR
Autor denominación Cappello, Giancarlo
Término de relación autor
245 #0 - TÍTULO DE MATERIAL BIBLIOGRÁFICO
Título Ficciones cercanas, televisión, narración y espíritu de los tiempos :
Título paralelo televisión, narración y espíritu de los tiempos
260 ## - CIUDAD, EDITORIAL, AÑO
Año 2017
300 ## - DESCRIPCIÓN
N° Páginas 331 páginas :
Dimensiones 25 cm.
650 ## - TEMAS
Temas Ciencias Sociales
654 ## - PROGRAMAS
Programa Dpto. de Administración de Negocios
942 ## - ELEMENTOS DE KOHA
Tipo de documento Libro
Nombre del creador Justo Noguera
Código de catalogador Justo Noguera
Esquema de clasificación Dewey Decimal Classification
Suppress in OPAC
Existencias
Codigo completo Registro Colección Copia número Disponibilidad Tipo de préstamo Biblioteca Actual Procedencia (Biblioteca) Ubicacón Fecha Ingreso Tipo de Adquisición Date last seen Total checkouts Price effective from Tipo de Item Estado del Material Damaged status Withdrawn status
791.4575 C27 1059532 Universidad Católica San Pablo 1 Disponible Disponible Víctor Andrés Belaunde Víctor Andrés Belaunde Segundo piso 14/04/2026 Donación 14/04/2026   14/04/2026 Libro Bueno